Catálogo público

Effects of fertilizer on stem rot of rice / (Record no. 206176)

MARC details
000 -CABECERA
campo de control de longitud fija 00921nam a2200301Ia 4500
001 - NÚMERO DE CONTROL
campo de control Para_7288
003 - IDENTIFICADOR DEL NÚMERO DE CONTROL
campo de control CHAP
008 - DATOS DE LONGITUD FIJA--INFORMACIÓN GENERAL
campo de control de longitud fija 220125s1939 xx 000 0 und d
010 ## - NÚMERO DE CONTROL DE LA BIBLIOTECA DEL CONGRESO
Número de control de LC 206176
040 ## - FUENTE DE LA CATALOGACIÓN
Centro/agencia transcriptor CHAP
082 ## - NÚMERO DE LA CLASIFICACIÓN DECIMAL DEWEY
Número de clasificación PA-C 631.81 B86
100 ## - ENTRADA PRINCIPAL--NOMBRE DE PERSONA
Nombre de persona Cralley, E. M.
9 (RLIN) 172388
245 ## - MENCIÓN DE TÍTULO
Título Effects of fertilizer on stem rot of rice /
Mención de responsabilidad, etc. by E. M. Cralley
260 ## - PUBLICACIÓN, DISTRIBUCIÓN, ETC.
Lugar de publicación, distribución, etc. Fayetteville, Ark. :
Nombre del editor, distribuidor, etc. University of Arkansas . Agricultural Experiment Station
300 ## - DESCRIPCIÓN FÍSICA
Extensión 17 p.
440 ## - MENCIÓN DE SERIE/PUNTO DE ACCESO ADICIONAL--TÍTULO
Título Bulletin ; 383
9 (RLIN) 172389
500 ## - NOTA GENERAL
Nota general Enc. con impresos similares
650 ## - PUNTO DE ACCESO ADICIONAL DE MATERIA--TÉRMINO DE MATERIA
Término de materia o nombre geográfico como elemento de entrada Arroz
Subdivisión general enfermedades
9 (RLIN) 7600
650 ## - PUNTO DE ACCESO ADICIONAL DE MATERIA--TÉRMINO DE MATERIA
Término de materia o nombre geográfico como elemento de entrada Fertilizantes
Subdivisión general colecciones de escritos
9 (RLIN) 172309
650 ## - PUNTO DE ACCESO ADICIONAL DE MATERIA--TÉRMINO DE MATERIA
Término de materia o nombre geográfico como elemento de entrada Fertilizantes
Subdivisión general efecto en arroz
9 (RLIN) 40479
901 ## - ELEMENTOS DE DATOS A LOCAL LDA (RLIN)
a PA-C 631.81 B86
902 ## - ELEMENTOS DE DATOS B LOCAL, LDB (RLIN)
a A
905 ## - ELEMENTOS DE DATOS E LOCAL, LDE (RLIN)
a 0000001939 0000000000 00
910 ## - DATOS DE OPCIÓN DEL USUARIO (OCLC)
Datos de opción del usuario 1939
942 ## - ELEMENTOS DE PUNTO DE ACCESO ADICIONAL (KOHA)
Tipo de ítem Koha Parasitologia_
942 ## - ELEMENTOS DE PUNTO DE ACCESO ADICIONAL (KOHA)
Tipo de ítem Koha Parasitologia_
-- 1
Holdings
Estado de retiro Estado de pérdida Fuente del sistema de clasificación o colocación Estado dañado Restricciones de uso No para préstamo Código de colección Localización permanente Ubicación/localización actual Fecha de adquisición Número de inventario Total de préstamos Signatura topográfica completa Código de barras Fecha visto por última vez Número de copia Precio válido a partir de Tipo de ítem Koha Nota pública
    Dewey Decimal Classification   Préstamo interno   Consulta Parasitologia Agricola Parasitologia Agricola 27/10/2005 (PA_5350) (No. UACh C/E)   PA-C 631.81 B86 4102001669 25/01/2022 Ej.1 25/01/2022 Libro 3